Yaşlı Amca - Giderdi Hoşuma Şarkı Sözleri - Statistics

General Stats
  • This quiz has been taken 34 times
  • The average score is 26 of 58
Answer Stats
Şarkı Sözü % Correct
Giderdi
97%
Hoşuma
97%
Başıma
93%
Bela
93%
Giyerse
93%
Ne
93%
O
90%
Öyle
90%
Öyle
90%
Tatlı
90%
Bir
73%
Her
73%
Durumda
70%
Sevicem
70%
Sonra
63%
Darlamasa
60%
Martılar
53%
Bide
50%
Fırlatırdı
50%
Simidini
50%
Ama
47%
Ama
47%
Kaparlardı
47%
Yengenizi
43%
Yengenizi
43%
Hiç
37%
Hiç
37%
İltifat
37%
Tutardı
37%
Tutardı
37%
Dalgalar
33%
Deniz
33%
Gitmezdi
33%
Aşk
30%
Bağırırdı
27%
Dilime
27%
Mühürlü
27%
Şafak
27%
Sökerdi
27%
Belli
23%
Benim
23%
Korkuturdu
23%
Midyeciler
23%
Dillerinden
20%
Etmezdim
20%
İçli
20%
Çekerdim
17%
Demlenirdik
17%
Gizlice
17%
Kokardı
17%
Mırıldanırdı
17%
Of
17%
Şarkılar
17%
Tuz
17%
Atardı
13%
Dalgalarla
13%
İçine
13%
Utanırdı
13%
No matching quizzes found
Score Distribution
Percent of People with Each Score
Percentile by Number Answered
Your Score History
You have not taken this quiz